header

Alias ; recruited (Record no. 257161)

MARC details
000 -LEADER
fixed length control field 00441nam a22001577a 4500
003 - CONTROL NUMBER IDENTIFIER
control field OSt
005 - DATE AND TIME OF LATEST TRANSACTION
control field 20180815095421.0
008 - FIXED-LENGTH DATA ELEMENTS--GENERAL INFORMATION
fixed length control field 180815b xxu||||| |||| 00| 0 eng d
020 ## - INTERNATIONAL STANDARD BOOK NUMBER
International Standard Book Number 0553493981
040 ## - CATALOGING SOURCE
Transcribing agency n/a
050 ## - LIBRARY OF CONGRESS CALL NUMBER
Classification number PS3560
Item number .M37 2002
100 ## - MAIN ENTRY--PERSONAL NAME
Personal name Lynn Mason
245 ## - TITLE STATEMENT
Title Alias ; recruited
Remainder of title /an original prequel novel based on the hit series created by J.J. Abrams
260 ## - PUBLICATION, DISTRIBUTION, ETC. (IMPRINT)
Place of publication, distribution, etc New York
Name of publisher, distributor, etc Bantam Books
Date of publication, distribution, etc 2002
942 ## - ADDED ENTRY ELEMENTS (KOHA)
Source of classification or shelving scheme Library of Congress Classification
Koha item type Long Loan Books
Holdings
Withdrawn status Lost status Source of classification or shelving scheme Damaged status Not for loan Collection code Home library Current library Shelving location Date acquired Total Checkouts Full call number Barcode Date last seen Date checked out Price effective from Koha item type
    Library of Congress Classification     Fiction Rongo University Library Rongo University Library General Stacks 15/08/2018 3 PS3560 .M37 2002 201801245 11/03/2020 25/02/2020 15/08/2018 Long Loan Books

© 2026 Rongo University
Contact us: librarian | system librarian | Rongo university